|
|
|
|
| LEADER |
00600cam a2200169 7i4500 |
| 001 |
0000026119 |
| 005 |
20110601090000.0 |
| 020 |
0 |
0 |
|a 9780943581248
|
| 090 |
0 |
0 |
|a I 381.1025
|b WOR
|
| 245 |
0 |
0 |
|a World chamber of commerce directory 2011.
|
| 260 |
0 |
0 |
|a Loveland:
|b Worldwide Chamber of Commerce Directory,
|c 2011.
|
| 300 |
# |
# |
|a 431 p.
|
| 650 |
0 |
0 |
|a Chamber of commerce --
|x Directories --
|z Canada
|
| 650 |
0 |
0 |
|a Chamber of commerce --
|x Directories --
|z United States of America
|
| 651 |
0 |
0 |
|a United States of America
|
| 651 |
0 |
0 |
|a Canada
|
| 999 |
|
|
|a B000028546
|b Directories
|c International
|e Business Information Centre
|